| 000 | 00881nac a22002531u 4500 | ||
|---|---|---|---|
| 010 | _a2005035835 | ||
| 020 | _a0131725793 | ||
| 020 | _a0131739697 (CD-ROM) : | ||
| 035 | _a(OCoLC)ocm62533919 | ||
| 082 | 0 | 0 |
_a621.381 _bTOC |
| 090 |
_c7954 _d7954 |
||
| 100 | _aTocci, Ronald J. | ||
| 245 | 1 | 0 |
_aDigital systems : CD / _bprinciples and applications / _cRonald J. Tocci, Neal S. Widmer, Gregory L. Moss. |
| 250 | _a10th ed. | ||
| 260 |
_aUpper Saddle River, N.J. : _bPearson Prentice Hall,2007. _cc2007. |
||
| 300 | _f1 CD-ROM (4 3/4 in.) | ||
| 500 | _aAudiovisuals | ||
| 511 | _aCatalogued by: Sara | ||
| 650 | 0 |
_aDigital electronics _vTextbooks. |
|
| 700 | 1 | _aWidmer, Neal S. | |
| 700 | 1 | _aMoss, Gregory L. | |
| 856 | 4 | 1 |
_3Table of contents only _uhttp://www.loc.gov/catdir/toc/ecip064/2005035835.html |
| 942 |
_cCDB _k621.381TOC |
||
| 999 |
_c7954 _d7954 |
||